000 00368nam a2200145Ia 4500
008 240624s9999 xx 000 0 und d
041 _aeng
082 _a629.04 CED
100 _aCEDER AVISHAI
245 _aPUBLIC TRANSIT PLANNING AND OPERATION MO
250 _a(2nd ed.)
260 _c2019
_aLondon
_bCRC Press
300 _axxv, 716 p.; 23 cm.
365 _cRS
_b31
999 _c32053
_d32053